Central Library OPAC University of Rajshahi
Normal view MARC view

Entry Personal Name

Number of records used in: 2

001 - CONTROL NUMBER

  • control field: 3571

003 - CONTROL NUMBER IDENTIFIER

  • control field: BD-RjUL

005 - DATE AND TIME OF LATEST TRANSACTION

  • control field: 20220613123153.0

008 - FIXED-LENGTH DATA ELEMENTS

  • fixed length control field: 220613|| aca||aabn | a|a d

040 ## - CATALOGING SOURCE

  • Original cataloging agency: BD-RjUL
  • Transcribing agency: BD-RjUL

100 ## - HEADING--PERSONAL NAME

  • Personal name: Velasco, Luis Alejandro

670 ## - SOURCE DATA FOUND

  • Source citation: Work cat.: (BD-RjUL)79961: মার্কেস, গাব্রিয়েল গার্সিয়া 3569, জাহাজডুবি নাবিকের গল্প /